Právo a rozvoj podnikání. Liberalizace uzavíraní smluv.
Základné princípy uzatvárania zmlúv obsahuje občiansky zákonník, obchodný zákonník upravuje len niektoré špecifiká v oblasti obchodných vzťahov. Systém obchodného práva sa dotýka najmä formy uzatvárania zmlúv. Charakteristika návrhu zmluvy, ktorý je základom pre uzavretie zmluvy. Úprava prijatia náv...
Guardado en:
| Autor principal: | |
|---|---|
| Otros Autores: | |
| Formato: | Capítulo de libro |
| Lenguaje: | checo |
| Materias: | |
| Etiquetas: |
Sin Etiquetas, Sea el primero en etiquetar este registro!
|
MARC
| LEADER | 00000naa a2200000 4500 | ||
|---|---|---|---|
| 001 | r007256 | ||
| 005 | 20220831084015.4 | ||
| 041 | 0 | |a cze | |
| 044 | |a [CS] | ||
| 245 | 1 | 0 | |a Právo a rozvoj podnikání. |b Liberalizace uzavíraní smluv. |c Tomáš Pohl, V. Nemeth |
| 520 | |a Základné princípy uzatvárania zmlúv obsahuje občiansky zákonník, obchodný zákonník upravuje len niektoré špecifiká v oblasti obchodných vzťahov. Systém obchodného práva sa dotýka najmä formy uzatvárania zmlúv. Charakteristika návrhu zmluvy, ktorý je základom pre uzavretie zmluvy. Úprava prijatia návrhu zákonom. Paragrafy obchodného zákonníka obsahujúce špecifické zvláštnosti pre uzatváranie obchodných zmlúv. | ||
| 610 | 2 | 0 | |a zmluvy obchodné |
| 610 | 2 | 0 | |a zmluvy hospodárske |
| 610 | 2 | 0 | |a právo obchodné |
| 610 | 2 | 0 | |a ČSFR |
| 610 | 2 | 0 | |a zákonník občiansky |
| 100 | 1 | |a Pohl, Tomáš | |
| 700 | 1 | |a Nemeth, V. | |